000 00521nam a2200217Ia 4500
003 OSt
005 20221007082424.0
006 a|||||r|||| 00| 0
007 ta
008 221006b |||||||| |||| 00| 0 eng d
024 _a21,084
037 _cTextual
040 _aFLL
_cFLL
_beng
041 _2eng
_aeng
082 _aV1:5:N7, L9
100 _aRamcharan B.G.
_9501722
245 0 _aHuman rights
260 _c1979
942 _hV1:5:N7, L9
_cTEXL
_2CC
999 _c1166364
_d1166364